عرض عادي
عرض مارك
- Meuss, A. R.
مدخل إسم شخص
001 - رقم الضبط
- حقل الضبط: 11486
003 - معرف رقم الضبط
- حقل الضبط: OSt
005 - تاريخ ووقت أخر عملية
- حقل الضبط: 20120419015655.0
008 - عناصر بيانات ثابتة الطول
- حقل تحكم ثابت الطول: 120419|||a|||||| | ||| d
040 ## - مصدر الفهرسة
- هيئة الفهرسة الأصلية: OSt
- وكالة الكتابة: OSt
100 ## - مدخل -- أسم شخص
- إسم شخص: Meuss, A. R.
670 ## - بيانات المصدر موجوده
- الاستشهاد بالمصدر: Work cat.: (OSt)0: Weiss, R. F. (Rudolf Fritz) 11475, Weiss's herbal medicine /, 2001.
